Score 0/19 Timer 02:00
2 Plays Today
Clue 4-Letter Word % Correct
***Character played by John Barrowman***
OR a card below a queen
JACK
96.3%
***Character played by Billie Piper***
OR Valentine's Day flower
ROSE
89.5%
Smelling organNOSE
86.7%
Girl with a little lambMARY
86.7%
Ping-____PONG
85.6%
***Last name of Karen Gillan's character***
OR a small body of water
POND
83.4%
Snail from SpongeBob SquarePantsGARY
81.6%
***Last name of Alex Kingston's character***
OR actress Brenda of 'The Suite Life on Deck'
SONG
80.1%
ZeroNONE
78.1%
***Character played by Arthur Darvill***
OR Macaulay Culkin's little brother
RORY
77.6%
Clue 4-Letter Word % Correct
Skeletal componentBONE
76.6%
Produce vocal musicSING
76.5%
Featuring lots of bloodGORY
73.6%
Trigonometric functionSINE
67.3%
Link or connectionBOND
65.6%
Type of truckMACK
65.2%
OptimisticROSY
63.6%
IndicateMARK
63.3%
***Christopher Eccleston's character, for short***
OR musical based on a Fellini film
NINE
46.2%

Today's Daily Dose

Remove Ads.
Support Sporcle.
Get the best of Sporcle when you Go Orange. This ad-free experience offers more features, more stats, and more fun while also helping to support Sporcle. Thank you for becoming a member.

You're not logged in!

Compare scores with friends on all Sporcle quizzes.
OR
Log In

Show Comments

Extras

Top Quizzes Today


Score Distribution

Your Account Isn't Verified!

In order to create a playlist on Sporcle, you need to verify the email address you used during registration. Go to your Sporcle Settings to finish the process.

Report this User

Report this user for behavior that violates our Community Guidelines.

Details: